000 01205nam0a22002651 4500
001 rc\4225514
005 20250612022036.0
021 _aRU
_b[62-50032]
035 _a(NLR Aleph) 008461635
090 _a7873272
_c7873272
100 _a20130416d1962 |||y0rusy50 ca
101 0 _arus
102 _aRU
105 _ay z |||||
200 1 _aВосточно-Сибирский экономический район
_eУчеб. пособие по экон. географии СССР для студентов заоч. фак.
_fМ-во высш. и сред. спец. образования РСФСР. Куйбышевский план. ин-т. Кафедра экон. географии
210 _aКуйбышев
_cБ. и.
_d1962
215 _a42 с.
_d22
607 _aВосточная Сибирь
_xЭкономическая география
_jПособия заочные
_2psbo
700 1 _aАлександрова
_bТ. А.
_cканд. геогр. наук
_f1907-1988
_gТатьяна Александровна
_9175471
_3RU\NLR\AUTH\770175522
801 0 _aRU
_bNLR
_gpsbo
801 1 _aRU
_bELAR
_2rusmarc
852 _aNLR
_j62-6/8016
942 _cBOOK
980 _aNB